[Event "POHÁR města Říčany 2022"]
[Site "Městské kulturní středisko U labutě"]
[Date "2022.08.28"]
[Round "3.1"]
[White "Vojta, Jakub"]
[Black "Dudek, Vojtech"]
[Result "1/2-1/2"]
[WhiteElo "2313"]
[BlackElo "2144"]
[PlyCount "0"]
[EventDate "2022.08.27"]

1. c4 Nf6 2. g3 e6 3. Bg2 Be7 4. Nf3 O-O 5. O-O d5 6. b3 b6 7. Bb2 Bb7 8. e3
dxc4 9. bxc4 c5 10. d3 Nc6 11. Qe2 Qc7 12. Nc3 Rad8 13. Rfd1 Qb8 14. Rd2 Rd7
15. Rad1 Rfd8 16. Ne1 a6 17. f4 Na7 18. g4 b5 19. g5 Ne8 20. cxb5 axb5 21. Bxb7
Qxb7 22. Nf3 Nc6 23. Ne4 Qa7 24. h4 c4 25. dxc4 Rxd2 26. Nfxd2 bxc4 27. Nxc4
Qxa2 28. Rxd8 1/2-1/2

[Event "POHÁR města Říčany 2022"]
[Site "Městské kulturní středisko U labutě"]
[Date "2022.08.28"]
[Round "3.2"]
[White "Soural, Jan"]
[Black "Novotny, Michal"]
[Result "0-1"]
[WhiteElo "2144"]
[BlackElo "2241"]
[PlyCount "0"]
[EventDate "2022.08.27"]

1. Nf3 d5 2. d4 Nf6 3. c4 c6 4. e3 e6 5. b3 Ne4 6. Bd3 Nd7 7. O-O f5 8. Qc2 Qf6
9. Ba3 Bxa3 10. Nxa3 O-O 11. Qb2 g5 12. b4 g4 13. Ne5 Nxe5 14. dxe5 Qh6 15. f4
g3 16. hxg3 Nxg3 17. Rf3 Qh4 18. Nc2 Rf7 19. Nd4 Rg7 20. Bf1 Qh1+ 21. Kf2 Nxf1
0-1

[Event "POHÁR města Říčany 2022"]
[Site "Městské kulturní středisko U labutě"]
[Date "2022.08.28"]
[Round "3.3"]
[White "Novak, Jindrich"]
[Black "Petr, Jakub"]
[Result "1-0"]
[WhiteElo "2093"]
[BlackElo "2220"]
[PlyCount "0"]
[EventDate "2022.08.27"]

1. d4 Nf6 2. Nf3 e6 3. c4 d5 4. Nc3 Be7 5. Bg5 O-O 6. e3 Nbd7 7. Rc1 c6 8. Bd3
h6 9. Bh4 dxc4 10. Bxc4 b5 11. Bd3 Bb7 12. O-O a6 13. Bb1 Re8 14. Qc2 Nf8
15. Rfd1 Qb6 16. Bxf6 Bxf6 17. Ne4 Be7 18. Nc5 Bxc5 19. dxc5 Qc7 20. Rd6 Rad8
21. Rcd1 Rxd6 22. cxd6 Qb6 23. b4 g6 24. e4 e5 25. d7 Rd8 26. Nxe5 Qc7 27. f4
Nxd7 28. Qd2 Qb6+ 29. Kh1 Bc8 30. Qd6 1-0

[Event "POHÁR města Říčany 2022"]
[Site "Městské kulturní středisko U labutě"]
[Date "2022.08.28"]
[Round "3.4"]
[White "Novotny, Martin"]
[Black "Matras, Ondrej"]
[Result "1/2-1/2"]
[WhiteElo "2064"]
[BlackElo "2184"]
[PlyCount "0"]
[EventDate "2022.08.27"]

1. d4 Nf6 2. c4 g6 3. Nc3 Bg7 4. e4 d6 5. Be2 O-O 6. Bg5 h6 7. Be3 e5 8. d5
Nbd7 9. Qd2 Nc5 10. f3 Nh5 11. O-O-O Kh7 12. g4 Nf4 13. h4 Bd7 14. Nh3 Nxh3
15. Rxh3 a6 16. h5 g5 17. Qc2 b6 18. Rhh1 Qe7 19. Kd2 Rfb8 20. b4 Nb7 21. a4 Qe8
22. Ra1 Bf6 23. Rhb1 Bd8 24. Ke1 a5 25. b5 Kg7 1/2-1/2

[Event "POHÁR města Říčany 2022"]
[Site "Městské kulturní středisko U labutě"]
[Date "2022.08.28"]
[Round "3.5"]
[White "Horak, Jan"]
[Black "Rut, Vojtech"]
[Result "1/2-1/2"]
[WhiteElo "2155"]
[BlackElo "2111"]
[PlyCount "0"]
[EventDate "2022.08.27"]

1. e4 c5 2. Nc3 a6 3. g3 b5 4. Bg2 Bb7 5. d3 Nc6 6. Nf3 b4 7. Ne2 e5 8. Be3 Nf6
9. O-O d5 10. Nd2 Be7 11. h3 h6 12. f4 Qd7 13. c3 a5 14. fxe5 Nxe5 15. d4 cxd4
16. cxd4 Nd3 17. e5 Ne4 18. Qb3 a4 19. Qxd3 Ba6 20. Qb1 Bxe2 21. Re1 Nxd2
22. Bxd2 Bh5 23. g4 Bg6 24. e6 Qd6 25. exf7+ Kxf7 26. Qc1 Bf6 27. Bf4 Bxd4+
28. Kh1 Qf6 29. Bxd5+ {necitelne} 1/2-1/2

[Event "POHÁR města Říčany 2022"]
[Site "Městské kulturní středisko U labutě"]
[Date "2022.08.28"]
[Round "3.6"]
[White "Horak, Martin"]
[Black "Placer, Sebastian"]
[Result "1-0"]
[WhiteElo "2238"]
[BlackElo "2090"]
[PlyCount "0"]
[EventDate "2022.08.27"]

1. d4 e6 2. Nf3 c5 3. e4 cxd4 4. Nxd4 Nf6 5. Bd3 Nc6 6. Nxc6 bxc6 7. O-O d5
8. Nd2 Bc5 9. c4 Qc7 10. Qe2 O-O 11. e5 Nd7 12. Nf3 f6 13. exf6 Nxf6 14. b3 h6
15. Bb2 Ng4 16. h3 Nf6 17. Ne5 Bd7 18. Rac1 Bd6 19. Rfe1 Be8 20. Ng4 Nxg4
21. Qxg4 Qf7 22. Qxe6 Bc5 23. Qxf7+ Rxf7 24. Re2 Bd6 25. Rd1 Rd8 26. cxd5 cxd5
27. Bg6 Rf8 28. Bxe8 Rfxe8 29. Rxe8+ Rxe8 30. Kf1 Be5 31. Re1 1-0

[Event "POHÁR města Říčany 2022"]
[Site "Městské kulturní středisko U labutě"]
[Date "2022.08.28"]
[Round "3.7"]
[White "Sedy, Pavel"]
[Black "Plasil, Petr"]
[Result "1/2-1/2"]
[WhiteElo "2177"]
[BlackElo "1963"]
[PlyCount "0"]
[EventDate "2022.08.27"]

1. e4 c5 2. Nc3 Nc6 3. f4 g6 4. Nf3 Bg7 5. Bc4 e6 6. O-O Nge7 7. d3 O-O 8. e5
d5 9. exd6 Qxd6 10. Ne4 Qd8 11. Qe1 b6 12. g4 Nd4 13. Qh4 Bb7 14. Nfg5 h6 15. c3
Ne2+ 16. Kf2 Nxc1 17. Raxc1 Bxe4 18. Nxe4 Nd5 19. g5 h5 20. a4 Rb8 21. Rce1 Rb7
22. Kg1 Nc7 23. Rf3 Qd7 24. Nf6+ Bxf6 25. gxf6 Qd8 26. Qg5 Kh7 27. Rh3 Ne8
28. Rxh5+ gxh5 29. Qxh5+ Kg8 30. Qg5+ Kh8 31. Qh4+ Kg8 32. Qg3+ Kh8 33. Qh3+ Kg8
34. Qg2+ Kh8 35. Re3 Nxf6 36. Rh3+ Nh7 37. Qxb7 Rg8+ 38. Kf2 Rg7 39. Qe4 Kg8
40. Rg3 Qh4 41. Kg2 Nf6 42. Rxg7+ Kxg7 43. Qe5 Qg4+ 44. Kf2 Qh4+ 45. Kg2 1/2-1/2

[Event "Open Ricany"]
[Site "Ricany"]
[Date "28.8.2022"]
[Round "3"]
[White "Vavrinec, Tomas"]
[Black "Jun, Rudolf"]
[Result "0-1"]
[WhiteElo "1911"]
[BlackElo "2165"]

1. Nf3 c5 2. c4 Nc6 3. g3 e5 4. Nc3 f5 5. d3 Nf6 6. Bg2 g6 7. O-O Bg7 8. a3 d6
9. Rb1 a5 10. Ne1 O-O 11. Nc2 Be6 12. Bg5 h6 13. Bxf6 Bxf6 14. Nd5 Bxd5
15. Bxd5+ Kg7 16. b4 Qc7 17. bxc5 dxc5 18. Rb5 b6 19. Qb1 Rab8 20. Bxc6 Qxc6
21. Ne3 Rb7 22. Nd5 Rfb8 23. Qb3 h5 24. Rb1 h4 25. gxh4 f4 26. Nxb6 Qe6 27. Nd5
Rxb5 28. cxb5 Qg4+ 29. Kf1 Bxh4 30. Qc3 Qe6 31. Nxf4 Qf5 32. e3 Kh6 33. Qxc5 Rc8
34. Qd5 Rc2 35. Qg8 Rxf2+ 36. Kg1 exf4 37. Qh8+ Kg5 38. Qd8+ Kg4 39. Qxh4+ Kxh4
40. Kxf2 Qxd3 41. Re1 Qd2+ 42. Re2 fxe3+ 0-1

[Event "POHÁR města Říčany 2022"]
[Site "Městské kulturní středisko U labutě"]
[Date "2022.08.28"]
[Round "3.9"]
[White "Voracek, Zdenek"]
[Black "Yagiz, Bora"]
[Result "1/2-1/2"]
[WhiteElo "1891"]
[BlackElo "2154"]
[PlyCount "0"]
[EventDate "2022.08.27"]

1. d4 d5 2. c4 c6 3. Nf3 Nf6 4. e3 Bf5 5. b3 e6 6. Be2 Nbd7 7. O-O Be7 8. Nc3
O-O 9. Bb2 h6 10. Rc1 Re8 11. Nd2 Bh7 12. Bf3 Bf8 13. Re1 Rc8 14. h3 a6 15. e4
dxc4 16. bxc4 e5 17. d5 Nc5 18. Nb3 Qb6 19. Re2 Nxb3 20. axb3 cxd5 21. cxd5 Qb4
22. Na2 Rxc1 23. Nxc1 Bxe4 24. Na2 Qa5 25. Bxe4 Nxe4 26. Rxe4 Qxa2 27. Bxe5 Bc5
28. Re2 Qa5 29. Bc7 Qb5 30. Rxe8+ Qxe8 31. d6 Qd7 32. Qg4 Qc6 33. Qc8+ Kh7
34. d7 Be7 35. Bd8 Bxd8 36. Qxd8 Qc1+ 37. Kh2 Qf4+ 38. Kg1 1/2-1/2

[Event "POHÁR města Říčany 2022"]
[Site "Městské kulturní středisko U labutě"]
[Date "2022.08.28"]
[Round "3.10"]
[White "Ocelak, Jakub"]
[Black "Seidl, Jan"]
[Result "1/2-1/2"]
[WhiteElo "2149"]
[BlackElo "1949"]
[PlyCount "0"]
[EventDate "2022.08.27"]

1. c4 c6 2. e4 d5 3. exd5 cxd5 4. d4 Nf6 5. Nc3 Nc6 6. Nf3 Bg4 7. cxd5 Nxd5
8. Qb3 Bxf3 9. gxf3 e6 10. Qxb7 Nxd4 11. Bb5+ Nxb5 12. Qc6+ Ke7 13. Qc5+ Ke8
14. Qc6+ Ke7 15. Qc5+ Ke8 1/2-1/2

[Event "POHÁR města Říčany 2022"]
[Site "Městské kulturní středisko U labutě"]
[Date "2022.08.28"]
[Round "3.11"]
[White "Davidek, Zdenek"]
[Black "Skypala, Ondrej"]
[Result "1/2-1/2"]
[WhiteElo "1621"]
[BlackElo "2140"]
[PlyCount "0"]
[EventDate "2022.08.27"]

1. e4 c5 2. Nf3 d6 3. Bb5+ Bd7 4. Bxd7+ Nxd7 5. O-O g6 6. c3 Bg7 7. d4 Rc8
8. Re1 e6 9. Bf4 Nb6 10. d5 e5 11. Be3 Nf6 12. Nfd2 O-O 13. f3 Nh5 14. c4 Nd7
15. Nc3 a6 16. Nb3 f5 17. Nc1 Ndf6 18. Nd3 fxe4 19. Nxe4 Nxe4 20. fxe4 Qh4
21. Bf2 Qg5 22. Be3 Qh4 23. Bf2 Qe7 24. Rf1 Nf4 25. g3 Nh3+ 26. Kg2 Ng5 27. Qe2
Qd7 28. g4 h5 29. Bh4 Nh7 30. gxh5 g5 31. Bg3 b5 32. cxb5 axb5 33. h3 Rxf1
34. Rxf1 Ra8 35. a3 Nf6 36. h6 Bh8 37. Rf5 Qh7 38. Rxg5+ Kf7 39. Rf5 Qxh6
40. Nf2 Kg8 41. Ng4 Nxg4 42. Qxg4+ Bg7 43. Bh4 Ra7 44. Bg5 Qg6 45. Bf6 Qxg4+
46. hxg4 Bf8 47. Rf2 Ra4 48. Kf3 Kf7 49. Bg5 1/2-1/2

[Event "POHÁR města Říčany 2022"]
[Site "Městské kulturní středisko U labutě"]
[Date "2022.08.28"]
[Round "3.12"]
[White "Skala, Jaromir"]
[Black "Bezdek, Tomas"]
[Result "0-1"]
[WhiteElo "1862"]
[BlackElo "2034"]
[PlyCount "0"]
[EventDate "2022.08.27"]

1. d4 Nf6 2. c4 e6 3. Nf3 b6 4. g3 Bb7 5. Bg2 Be7 6. O-O O-O 7. b3 d6 8. Bb2
Nbd7 9. Nbd2 Ne4 10. Nxe4 Bxe4 11. Qd2 d5 12. Rfd1 Nf6 13. Rac1 a5 14. c5 bxc5
15. dxc5 c6 16. Ne5 Qc7 17. f3 Bf5 18. Qf4 Nh5 19. Qa4 Bf6 20. Qd4 Rfb8 21. f4
g6 22. Bf3 Bh3 23. Qd2 Ng7 24. Bg4 Bxg4 25. Nxg4 Bxb2 26. Qxb2 Qe7 27. Ne5 Kh8
28. Ng4 Rb4 29. Ne5 Rc8 30. Rd4 f6 31. Rxb4 axb4 32. Nd3 Rb8 33. Qd2 Qb7 34. Qb2
Ne8 35. Qd4 h5 36. Qe3 Nc7 37. f5 g5 38. fxe6 Re8 39. Qd4 Rxe6 40. Qxb4 Qc8 0-1

[Event "POHÁR města Říčany 2022"]
[Site "Městské kulturní středisko U labutě"]
[Date "2022.08.28"]
[Round "3.13"]
[White "Elias, Jakub"]
[Black "Blumel, Otto"]
[Result "1/2-1/2"]
[WhiteElo "1982"]
[BlackElo "1907"]
[PlyCount "0"]
[EventDate "2022.08.27"]

1. e4 c5 2. Nf3 Nf6 3. e5 Nd5 4. Nc3 e6 5. Ne4 f5 6. Nc3 Nxc3 7. dxc3 d5
8. exd6 Bxd6 9. Bb5+ Nc6 10. Bxc6+ bxc6 11. O-O O-O 12. Re1 e5 1/2-1/2

[Event "POHÁR města Říčany 2022"]
[Site "Městské kulturní středisko U labutě"]
[Date "2022.08.28"]
[Round "3.14"]
[White "Pressler, Tobias"]
[Black "Vetrovsky, Michal"]
[Result "0-1"]
[WhiteElo "1821"]
[BlackElo "2122"]
[PlyCount "0"]
[EventDate "2022.08.27"]

1. e4 c6 2. d4 d5 3. e5 Bf5 4. Be3 e6 5. Nd2 Ne7 6. Be2 Nd7 7. h4 h6 8. g4 Bh7
9. Nh3 c5 10. c3 cxd4 11. cxd4 Qb6 12. Nb3 Nc6 13. O-O Be7 14. g5 Bf5 15. Bg4
Bxg4 16. Qxg4 h5 17. Qf3 g6 18. Rfc1 a5 19. Qe2 O-O 20. Nc5 Nxc5 21. dxc5 Qb4
22. f4 Qe4 23. Nf2 Nd4 24. Qe1 Nf3+ 25. Kh1 Nxe1+ 26. Nxe4 Nd3 27. Nd6 Nxc1
28. Rxc1 Rfb8 29. a4 Ra6 30. Nb5 Rc6 31. Na7 Ra6 32. Nb5 Rc8 33. Kg2 Kf8 34. Rc3
Ke8 35. Kf3 Kd7 36. Ke2 Rac6 37. Na7 Rxc5 38. Nxc8 Rxc8 39. Kd3 Bb4 40. Rxc8
Kxc8 41. Bf2 Kc7 42. b3 Kc6 43. Bg3 Bc5 44. Be1 b6 45. Bg3 Bg1 46. Be1 Kc5
47. Kc3 Be3 48. Bg3 d4+ 49. Kd3 Kd5 50. Bh2 Bf2 0-1

[Event "POHÁR města Říčany 2022"]
[Site "Městské kulturní středisko U labutě"]
[Date "2022.08.28"]
[Round "3.15"]
[White "Strnad, Michael"]
[Black "Simecek, Bohumil"]
[Result "0-1"]
[WhiteElo "1818"]
[BlackElo "2051"]
[PlyCount "0"]
[EventDate "2022.08.27"]

1. e4 e6 2. Nf3 d5 3. e5 c5 4. b4 cxb4 5. a3 Nc6 6. d4 Bd7 7. axb4 Bxb4+ 8. c3
Be7 9. Bd3 h5 10. O-O Nh6 11. Ba3 a6 12. Nbd2 Bxa3 13. Rxa3 Na7 14. c4 dxc4
15. Nxc4 Nb5 16. Rb3 O-O 17. Bb1 Bc6 18. Qc2 g6 19. Rd1 Bxf3 20. Rxf3 Nxd4
21. Rxd4 Qxd4 22. Rd3 Qc5 23. Rc3 Rac8 24. Rg3 Nf5 0-1

[Event "POHÁR města Říčany 2022"]
[Site "Městské kulturní středisko U labutě"]
[Date "2022.08.28"]
[Round "3.16"]
[White "Rousek, Jan"]
[Black "Havelka, Petr"]
[Result "1-0"]
[WhiteElo "2040"]
[BlackElo "1817"]
[PlyCount "0"]
[EventDate "2022.08.27"]

1. d4 d5 2. Nf3 Nf6 3. g3 g6 4. Bg2 Bg7 5. O-O O-O 6. c4 c6 7. cxd5 cxd5 8. Nc3
e6 9. Ne5 Nbd7 10. Bf4 Nxe5 11. Bxe5 Nh5 12. Bxg7 Nxg7 13. Qb3 Rb8 14. Rac1 Bd7
15. e4 dxe4 16. Bxe4 Qf6 17. d5 Nf5 18. Rfd1 Rfc8 19. Bg2 Nd4 20. Ne4 Qe5
21. Rxc8+ Bxc8 22. Qc4 exd5 23. Qxd4 Qxd4 24. Rxd4 dxe4 25. Rd8+ Kg7 26. Bxe4
Kf6 27. Re8 Kg7 28. g4 f6 29. Bd5 Kh6 30. f4 a6 31. h4 b5 32. g5+ fxg5 33. hxg5+
Kh5 34. Bf3+ Kh4 35. Kf2 Rb6 36. Rxc8 Rd6 37. Rc1 Rd2+ 38. Be2 1-0

[Event "POHÁR města Říčany 2022"]
[Site "Městské kulturní středisko U labutě"]
[Date "2022.08.28"]
[Round "3.17"]
[White "Steiner, Juraj"]
[Black "Kalveus, Jan"]
[Result "1/2-1/2"]
[WhiteElo "2005"]
[BlackElo "1790"]
[PlyCount "0"]
[EventDate "2022.08.27"]

1. d4 Nf6 2. c4 e6 3. Nc3 Bb4 4. e3 O-O 5. Bd3 d5 6. cxd5 exd5 7. Ne2 Bg4 8. f3
Bh5 9. Nf4 c6 10. Qc2 Bg6 11. Nxg6 hxg6 12. Qf2 Re8 13. O-O c5 14. a3 cxd4
15. axb4 dxc3 16. bxc3 Qc7 17. Bd2 Nbd7 18. Rac1 Ne5 19. Bb5 Re7 20. Qe1 Nc4
21. Bxc4 dxc4 22. e4 Qb6+ 23. Kh1 Rd8 1/2-1/2

[Event "POHÁR města Říčany 2022"]
[Site "Městské kulturní středisko U labutě"]
[Date "2022.08.28"]
[Round "3.18"]
[White "Pavlicek, Petr"]
[Black "Hejsek, Lukas"]
[Result "1/2-1/2"]
[WhiteElo "1781"]
[BlackElo "1994"]
[PlyCount "0"]
[EventDate "2022.08.27"]

1. e4 c5 2. Nf3 Nc6 3. d4 cxd4 4. Nxd4 Nf6 5. Nc3 d6 6. Ndb5 e5 7. Bg5 a6
8. Na3 b5 9. Nd5 Be7 10. Bxf6 Bxf6 11. c4 b4 12. Nc2 O-O 13. g3 Bg5 14. Bg2 Be6
15. O-O a5 16. b3 Rc8 17. Nce3 Nd4 18. Qd3 g6 19. Rad1 Rb8 20. f4 Bh6 21. f5
Bxd5 22. Nxd5 f6 23. Bh3 a4 24. Rf2 g5 25. Bg4 Rf7 26. Rb1 axb3 27. axb3 Ra7
28. Kg2 Ra3 29. Bd1 Bg7 30. Rfb2 Qa5 31. Qd2 Kf7 32. Bh5+ Kf8 33. Kh3 Bh6
1/2-1/2

[Event "POHÁR města Říčany 2022"]
[Site "Městské kulturní středisko U labutě"]
[Date "2022.08.28"]
[Round "3.19"]
[White "Krizek, Krystof"]
[Black "Cabart, Pavel"]
[Result "1-0"]
[WhiteElo "1961"]
[BlackElo "1757"]
[PlyCount "0"]
[EventDate "2022.08.27"]

1. e4 c5 2. d4 cxd4 3. c3 dxc3 4. Nxc3 Nc6 5. Bc4 d6 6. Nf3 a6 7. O-O Nf6
8. Qe2 Bg4 9. Rd1 Qc7 10. h3 Bxf3 11. gxf3 e6 12. Be3 Be7 13. Rac1 O-O 14. Bd3
Qa5 15. Bb1 Qh5 16. Kg2 d5 17. Bf4 d4 18. Na4 e5 19. Bg3 Nd7 20. a3 Rac8 21. b4
b5 22. Nb2 Nb6 1-0

[Event "POHÁR města Říčany 2022"]
[Site "Městské kulturní středisko U labutě"]
[Date "2022.08.28"]
[Round "3.20"]
[White "Horinek, Karel"]
[Black "Feierfeil, Jiri"]
[Result "1-0"]
[WhiteElo "1946"]
[BlackElo "1684"]
[PlyCount "0"]
[EventDate "2022.08.27"]

1. e4 c5 2. Nf3 Nc6 3. d4 cxd4 4. Nxd4 d6 5. Nc3 a6 6. f4 Qc7 7. Be2 Nf6 8. Be3
e6 9. Qd2 Be7 10. O-O-O Nxd4 11. Bxd4 b5 12. e5 b4 13. exf6 bxc3 14. Bxc3 gxf6
15. Rhe1 Bb7 16. Bh5 O-O 17. Re3 Qc4 18. b3 Qd5 19. Qxd5 Bxd5 20. Rxd5 exd5
21. Rxe7 Rfe8 22. Bxf7+ 1-0

[Event "POHÁR města Říčany 2022"]
[Site "Městské kulturní středisko U labutě"]
[Date "2022.08.28"]
[Round "3.21"]
[White "Chmelik, Ladislav"]
[Black "Benes, Jachym"]
[Result "0-1"]
[WhiteElo "1734"]
[BlackElo "1876"]
[PlyCount "0"]
[EventDate "2022.08.27"]

1. e4 e6 2. d4 d5 3. e5 c5 4. c3 Nc6 5. Nf3 Qb6 6. Bd3 Bd7 7. Bc2 cxd4 8. cxd4
Nb4 9. O-O Nxc2 10. Qxc2 Rc8 11. Nc3 Ne7 12. g4 Nc6 13. Be3 Na5 14. Nd2 Bb4
15. Rab1 Qa6 16. a3 Bxc3 17. bxc3 Bb5 18. Rfc1 Bd3 19. Qa4+ b5 20. Qb4 Bxb1
21. Rxb1 Nc4 22. Bg5 Qb7 23. Nb3 h6 24. Bf4 Rb8 25. Nc5 Qc6 26. a4 a6 27. Nd3
Qc8 28. Bc1 Qd8 29. Ba3 Nxa3 30. Qxa3 Qe7 31. Nc5 O-O 32. axb5 axb5 33. Qa5 Ra8
34. Qxb5 Ra2 35. Rb2 Rfa8 36. Kg2 Qh4 37. h3 h5 38. gxh5 Qg5+ 39. Kh2 Ra1
40. Rb1 Qf5 41. Nd3 R1a5 0-1

[Event "POHÁR města Říčany 2022"]
[Site "Městské kulturní středisko U labutě"]
[Date "2022.08.28"]
[Round "3.22"]
[White "Maslo, Ondrej"]
[Black "Hampl, David"]
[Result "1/2-1/2"]
[WhiteElo "1870"]
[BlackElo "1639"]
[PlyCount "0"]
[EventDate "2022.08.27"]

1. e4 c6 2. d4 d5 3. Nc3 dxe4 4. Nxe4 Nf6 5. Nxf6+ exf6 6. Nf3 Bd6 7. Bd3 O-O
8. O-O Re8 9. Re1 Be6 10. Be3 Nd7 11. c4 Nf8 12. Qc2 Rc8 13. b3 Qd7 14. Nd2 Qc7
15. h3 Qd7 16. Ne4 Bb8 17. Ng3 a6 1/2-1/2

[Event "POHÁR města Říčany 2022"]
[Site "Městské kulturní středisko U labutě"]
[Date "2022.08.28"]
[Round "3.23"]
[White "Tejkal, Jiri"]
[Black "Gacho, Ondrej"]
[Result "0-1"]
[WhiteElo "1869"]
[BlackElo "1517"]
[PlyCount "0"]
[EventDate "2022.08.27"]

1. d4 d5 2. Nf3 e6 3. Bf4 c5 4. e3 Nc6 5. c3 Nf6 6. Bd3 c4 7. Be2 b5 8. Nbd2 b4
9. Qc2 Bd6 10. Bxd6 Qxd6 11. e4 Qc7 12. e5 Nd7 13. O-O Rb8 14. Ng5 Nf8 15. f4 h6
16. Nh3 Bd7 17. Bf3 Ne7 18. g4 Nfg6 19. Bh1 Qb6 20. Bf3 Nh4 21. Be2 Rb7 22. Kh1
a5 23. Qc1 0-1

[Event "POHÁR města Říčany 2022"]
[Site "Městské kulturní středisko U labutě"]
[Date "2022.08.28"]
[Round "3.24"]
[White "Pechanek, Krystof Jan"]
[Black "Pecka, Jan"]
[Result "0-1"]
[WhiteElo "1556"]
[BlackElo "1840"]
[PlyCount "0"]
[EventDate "2022.08.27"]

1. d4 Nf6 2. Bf4 c5 3. c3 Qb6 4. Qc2 Nc6 5. e3 d5 6. Nf3 Bg4 7. Nbd2 e6 8. Be2
Be7 9. h3 Bf5 10. Qb3 h6 11. Qxb6 axb6 12. Bc7 Nd7 13. Bb5 Ra5 14. Bxc6 bxc6
15. Ne5 Nxe5 16. Bxe5 f6 17. Bg3 cxd4 18. exd4 Kf7 19. a3 c5 20. dxc5 bxc5
21. Nf3 Be4 22. O-O Bxf3 23. gxf3 c4 24. Rfe1 Rc5 25. Re2 Ra8 26. Rae1 Ra6
27. Rc2 Rb6 28. Ree2 g5 29. f4 Bd6 30. fxg5 Bxg3 31. fxg3 fxg5 32. Kf2 e5
33. Kf1 e4 34. Rf2+ Kg6 0-1

[Event "POHÁR města Říčany 2022"]
[Site "Městské kulturní středisko U labutě"]
[Date "2022.08.28"]
[Round "3.25"]
[White "Hlavacek, Ondrej"]
[Black "Zabehlicky, Jiri"]
[Result "1-0"]
[WhiteElo "1831"]
[BlackElo "1429"]
[PlyCount "0"]
[EventDate "2022.08.27"]

1. Nf3 Nf6 2. b3 e6 3. Bb2 Be7 4. d4 b6 5. c4 Bb7 6. e3 d5 7. Be2 O-O 8. Nc3
Nbd7 9. O-O Ne4 10. Nxe4 dxe4 11. Nd2 f5 12. Qc2 Nf6 13. Rad1 Qe8 14. f3 Qh5
15. Rf2 exf3 16. Bxf3 Bxf3 17. Rxf3 Ng4 18. h3 Nf6 19. Rdf1 Qg6 20. c5 b5
21. Nb1 Ne4 22. Nc3 Nxc3 23. Qxc3 c6 24. Qe1 Bf6 25. Rg3 Qf7 26. Rf4 1-0

[Event "POHÁR města Říčany 2022"]
[Site "Městské kulturní středisko U labutě"]
[Date "2022.08.28"]
[Round "3.26"]
[White "Sadil, Antonin"]
[Black "Svetly, Jiri"]
[Result "0-1"]
[WhiteElo "1546"]
[BlackElo "1825"]
[PlyCount "0"]
[EventDate "2022.08.27"]

1. e4 d6 2. Nf3 Nf6 3. Nc3 g6 4. d4 c6 5. Bd3 Bg7 6. O-O O-O 7. Ne2 b5 8. c3
Nbd7 9. Ng3 e5 10. dxe5 dxe5 11. Be3 a6 12. h3 c5 13. a4 c4 14. Be2 Bb7 15. Bg5
Qc7 16. Qd2 Nc5 17. axb5 axb5 18. Qc2 Qc6 19. Rfe1 h6 20. Bxf6 Qxf6 21. b4 Ne6
22. Ra5 Rxa5 23. bxa5 Nf4 24. Bf1 Rd8 25. Rb1 Ba6 26. Ne2 Nd3 0-1

[Event "POHÁR města Říčany 2022"]
[Site "Městské kulturní středisko U labutě"]
[Date "2022.08.28"]
[Round "3.27"]
[White "Taborsky, Rostislav"]
[Black "Pisar, Tomas"]
[Result "1/2-1/2"]
[WhiteElo "2192"]
[BlackElo "1624"]
[PlyCount "0"]
[EventDate "2022.08.27"]

1. d4 Nf6 2. c4 g6 3. Nc3 d5 4. cxd5 Nxd5 5. Bd2 Bg7 6. e4 Nb6 7. Be3 Nc6
8. Bb5 O-O 9. Nge2 a6 10. Bxc6 bxc6 11. b3 e5 12. dxe5 Bxe5 13. O-O a5 14. f4
Bg7 15. Qc2 Ba6 16. Rfd1 Qe8 17. Ng3 Qe6 18. Bd4 Bxd4+ 19. Rxd4 c5 20. Rd2 c4
21. Rad1 cxb3 22. axb3 Rfe8 23. e5 Reb8 24. Nce4 a4 25. bxa4 Nc4 26. Nf6+ Kh8
27. Qc3 Nxd2 28. Qxd2 Kg7 29. Qd7 Qxd7 30. Rxd7 Bc4 31. Nge4 Rxa4 32. Ng5 Ra1+
33. Kf2 Ra3 34. Nf3 c5 35. Rc7 Ra2+ 36. Kg3 Be6 37. Ng5 Rb3+ 38. Kh4 Rxg2
1/2-1/2

[Event "POHÁR města Říčany 2022"]
[Site "Městské kulturní středisko U labutě"]
[Date "2022.08.28"]
[Round "3.28"]
[White "Horyna, Josef"]
[Black "Cervenka, Petr"]
[Result "1-0"]
[WhiteElo "1694"]
[BlackElo "1928"]
[PlyCount "0"]
[EventDate "2022.08.27"]

1. d4 e6 2. Nf3 f5 3. d5 d6 4. Bg5 Nf6 5. dxe6 Nc6 6. Nd4 Nxd4 7. Qxd4 Be7
8. Nc3 Bxe6 9. f3 O-O 10. O-O-O h6 11. Bxf6 Bxf6 12. Qd3 b5 13. Nd5 Bxb2+
14. Kxb2 c6 15. Nf4 Bc4 16. Qxd6 Qb6 17. Nd3 Rfd8 18. Qe5 Rd5 19. Qc3 f4 20. g3
Rd4 21. Bh3 Rad8 22. Ra1 c5 23. Nxf4 b4 24. Qe3 Bf7 25. Be6 Re8 26. Bxf7+ Kxf7
27. Qf2 Qf6 28. Kb1 Red8 29. Rc1 c4 30. e4 R4d7 31. Nd5 Qa6 32. c3 bxc3 33. Rxc3
Rb8+ 34. Kc1 Qb5 35. Qc2 Qc5 36. Ne3 Ke6 37. Rb1 Rbd8 38. Nd5 Qg1+ 39. Kb2 Rb8+
40. Ka1 Rxb1+ 41. Qxb1 Qxh2 42. Rxc4 Qxg3 43. Rc6+ Kf7 44. Qc2 Qxf3 45. Rc7 Qf1+
46. Qc1 Qh3 47. Qf4+ Kg6 48. Qf5+ 1-0

[Event "POHÁR města Říčany 2022"]
[Site "Městské kulturní středisko U labutě"]
[Date "2022.08.28"]
[Round "3.29"]
[White "Rerabek, Jaroslav"]
[Black "Bartos, Vaclav"]
[Result "0-1"]
[WhiteElo "1673"]
[BlackElo "1889"]
[PlyCount "0"]
[EventDate "2022.08.27"]

1. e4 c5 2. Nf3 e6 3. c3 d5 4. exd5 Qxd5 5. d4 Nc6 6. Bb5 cxd4 7. Bxc6+ Qxc6
8. Qxd4 Nf6 9. O-O Be7 10. Bg5 O-O 11. Nbd2 h6 12. Bh4 Rd8 13. Qc4 Qb6 14. Qb3
Qa5 15. Rfd1 Bd7 16. a4 Bc6 17. Nc4 Qh5 18. Nce5 Be4 19. h3 Bxf3 20. Nxf3 b6
21. Rxd8+ Rxd8 22. Rd1 Rc8 23. Bxf6 Bxf6 24. Rd7 Qa5 25. Qb5 Rc5 26. Qb3 Rf5
27. Nd4 Rf4 28. Nf3 Qxa4 29. Qxa4 Rxa4 30. Kf1 Ra2 31. Rd2 a5 32. Ke2 b5 33. Kd3
a4 34. Kc2 a3 35. Kb3 Rxb2+ 36. Rxb2 axb2 37. Kxb2 b4 38. Kb3 Bxc3 39. Ng1 Bd4
40. Kxb4 Bxf2 41. Nf3 f5 42. Kc4 Kf7 43. Kd3 Kf6 44. Ke2 Bc5 45. g3 g5 0-1